000 00442cam a22001217a 4500
008 180718b-- xxu||||| |||| 00| 0 eng d
082 _aXA94068x5434 W892/J
100 _aIndia. Ministry of Labour and Employment. Labour Bureau
245 _aWorking class family income and expenditure survey, Jaipur
260 _aDelhi
_bThe Controller of Publications
_c--
500 _aLibrary has 1999/2000
650 _aHouseholds - India - Rajasthan - Jaipur
999 _c489268
_d489268